000 00681nam a2200205Ii 4500
003 JO-AjNU
008 230605s9999||||xx |||||||||||||| ||und||
017 _a1990/2/81
040 _aJO-AjNU
_bara
_erda
_cJO-AjNU
041 _aara
050 1 4 _aBP145.A2864 1988
100 3 _aأبو الرشته، عطا,
_eauthor
_940624
245 0 0 _aدراسات في أصول الفقه تيسير الوصول الى الأصول
264 3 1 _aد.م: د.ن، 1988
300 _a250ص
336 _atext
_btxt
_2rdacontent
337 _aunmediated
_bn
_2rdamedia
338 _avolume
_bnc
_2rdacarrier
650 4 _aالفقه الاسلامي- اصول الفقه الاسلامي
_940625
999 _aA17256
_c20824
_d20824